Tools for the professional (Record no. 70688)
[ view plain ]
| 000 -LEADER | |
|---|---|
| fixed length control field | 01179cam a2200217 4500 |
| 001 - CONTROL NUMBER | |
| control field | ABS65623 |
| 008 - FIXED-LENGTH DATA ELEMENTS--GENERAL INFORMATION | |
| fixed length control field | 020708n2002 000 0 eng u |
| 035 ## - SYSTEM CONTROL NUMBER | |
| System control number | (Sirsi) u118743 |
| 100 ## - MAIN ENTRY--PERSONAL NAME | |
| Personal name | Tinworth, A. |
| 245 ## - TITLE STATEMENT | |
| Title | Tools for the professional |
| 260 ## - PUBLICATION, DISTRIBUTION, ETC. | |
| Date of publication, distribution, etc. | 2002 |
| 490 ## - SERIES STATEMENT | |
| Series statement | Estates Gazette |
| Volume/sequential designation | (0226) 29 June 2002, 124-125(2) |
| 520 ## - SUMMARY, ETC. | |
| Summary, etc. | Gives highlights of the 2002 Property Computer Show North. Argues that the most interesting developments were in the areas of virtual tours for websites and software designed for handheld computers. A company called OxyCom Production has developed an attachment to a digital camera that allows the whole panorama of a house to be taken in a single shot. Realviewings.com now film walking tours of buildings which are imported into a PC and converted into Windows Media Format. Palm top computers are also becoming more important with the aid of more sophisticated software such as Property Assistant. |
| 590 ## - LOCAL NOTE (RLIN) | |
| Local note | ABS |
| 650 ## - SUBJECT ADDED ENTRY--TOPICAL TERM | |
| Topical term or geographic name entry element | PROPERTY SHOWS |
| 650 ## - SUBJECT ADDED ENTRY--TOPICAL TERM | |
| Topical term or geographic name entry element | VIRTUAL PROPERTY TOURS |
| 650 ## - SUBJECT ADDED ENTRY--TOPICAL TERM | |
| Topical term or geographic name entry element | OXYCOM PRODUCTIONS |
| 650 ## - SUBJECT ADDED ENTRY--TOPICAL TERM | |
| Topical term or geographic name entry element | MOBILE AGENTS |
| 690 ## - LOCAL SUBJECT ADDED ENTRY--TOPICAL TERM (OCLC, RLIN) | |
| Topical term or geographic name as entry element | MANAGEMENT-BUSINESS MANAGEMENT-INFORMATION MANAGEMENT |
| 942 ## - ADDED ENTRY ELEMENTS (KOHA) | |
| Suppress in OPAC | 0 |
| Withdrawn status | Lost status | Source of classification or shelving scheme | Damaged status | Not for loan | Home library | Current library | Shelving location | Date acquired | Total Checkouts | Full call number | Barcode | Date last seen | Copy number | Price effective from | Koha item type |
|---|---|---|---|---|---|---|---|---|---|---|---|---|---|---|---|
| Dewey Decimal Classification | London | London | Journal article | 08/07/2002 | ABS65623 | 118743-1001 | 06/08/2019 | 1 | 06/08/2019 | Journal article |